=LDR 00000nam 2200000 4500 =001 INLIS000000000009655 =005 20130612101437 =008 ***********************************Ind** =035 ##$$0010-061300000009655 =041 ##$$a Ind =082 ##$$a 372.6 =090 ##$$a 372.6, Sur l =100 ##$$a Suroto =245 ##$$a Latihan Menuls Huruf Besar dan Kecil, Suroto =260 ##$$a 1998 $b bekasi =300 ##$$a ... JIl, 21 cm =650 ##$$a Menulis (Pendidikan Dasar) =850 ##$$a NBPNMAT